000 00784cam a22002653a 4500
001 6571
003 PGUSA
005 20140828083134.0
008 040901s2004||||xxu|||||s|||||000 1 eng d
040 _aPGUSA
_beng
042 _adc
050 4 _aPQ
100 1 _aFrance, Anatole,
_d1844-1924
245 1 4 _aThe Queen Pedauque
_h[electronic resource] /
_cAnatole France
260 _bProject Gutenberg,
_c2004
500 _aTranslation of La rôtisserie de la reine Pédauque
506 _aPublic domain in the USA.
516 _aElectronic text
653 _aFrench fiction
700 1 _aStritzko, Jos. A. V.
740 0 _aLa rôtisserie de la reine Pédauque. English
830 0 _aProject Gutenberg
_v6571
856 4 0 _uhttp://www.gutenberg.org/ebooks/6571
942 _cEB
999 _c235891
_d235891